| 000 | 02447nam a2200505Ii 4500 | ||
|---|---|---|---|
| 001 | DIGAKAL0291 | ||
| 003 | NyNyDIG | ||
| 008 | 160422t20152007sp o 000 0 spa d | ||
| 006 | m o d | ||
| 007 | cr ||||||||||| | ||
| 035 | _a(OCoLC)935258183 | ||
| 040 |
_aDGITA _beng _erda _epn _cDGITA |
||
| 020 |
_a9788446042549 _q(eBook ; _qePub) |
||
| 020 |
_a8446042541 _q(eBook ; _qePub) |
||
| 020 | _z9788446041290 | ||
| 020 | _z8446041294 | ||
| 041 | 1 |
_aeng _hger |
|
| 050 | 1 | 4 | _aHX276.B7 ebook |
| 082 | 0 | 4 |
_a335.43 _223 |
| 100 | 1 |
_aLuxemburg, Rosa, _d1871-1919, _eauthor. |
|
| 240 | 1 | 0 |
_aSozialreform oder Revolution? _lSpanish |
| 245 | 1 | 0 |
_aReforma o revolución / _cRosa Luxemburgo. |
| 264 | 1 |
_aTres Cantos, Madrid, España : _bEdiciones Akal, S.A., _c[2015] |
|
| 264 | 4 | _c©2007 | |
| 300 | _a1 online resource. | ||
| 336 |
_atext _btxt _2rdacontent |
||
| 337 |
_acomputer _bc _2rdamedia |
||
| 338 |
_aonline resource _bcr _2rdacarrier |
||
| 490 | 1 |
_aAkal/Básica de bolsillo ; _v304. _aClásicos del pensamiento político |
|
| 505 | 0 | _aEl método oportunista -- Adaptación del capitalismo -- Implantación del socialismo por mediode las reformas sociales -- Militarismo y política aduanera -- Carácter general y consecuenciasprácticas del revisionismo -- El desarrollo económico y el socialismo -- Sindicatos, cooperativas y democracia política -- La conquista del poder político -- El derrumbamiento -- El oportunismo en la teoría y en la práctica -- Militarismo y milicia -- La "ciencia alemana" a retaguardia de los obreros. | |
| 588 | 0 | _aOnline resource; title from ePub title page (Digitalia, viewed April 29, 2016) | |
| 600 | 1 | 0 |
_aBernstein, Eduard, _d1850-1932. _tProbleme des Sozialismus. |
| 650 | 0 | _aSocialism. | |
| 650 | 0 | _aMilitarism. | |
| 655 | 0 | _aElectronic books. | |
| 700 | 1 |
_iTranslation of: _aLuxemburg, Rosa, _d1871-1919. _tSozialreform oder Revolution? |
|
| 791 | 2 |
_aDigitalia (Firm), _edistributor. |
|
| 793 | 0 |
_gDigitalia eBook Collection: _aAkal |
|
| 776 | 0 | 8 |
_iPrint version: _aLuxemburgo, Rosa, 1871-1919. _sSozialreform oder Revolution? Spanish. _tReforma o revolución _dMadrid : Ediciones Akal, 2015 _z9788446041290 |
| 830 | 0 |
_aBásica de bolsillo Akal ; _v304. |
|
| 830 | 0 |
_aBásica de bolsillo Akal. _pSerie Clásicos del pensamiento político. |
|
| 856 | 4 | 0 |
_3Digitalia Hispánica _uhttps://www.digitaliapublishing.com/a/39774/ |
| 910 | _aPremium Collection: 2016 | ||
| 942 | _cRAA | ||
| 999 |
_c245072 _d245072 |
||